मृच्छकटिकम् (Record no. 100971)
[ view plain ]
| 000 -LEADER | |
|---|---|
| fixed length control field | 00820nam a2200241Ia 4500 |
| 003 - CONTROL NUMBER IDENTIFIER | |
| control field | OSt |
| 005 - DATE AND TIME OF LATEST TRANSACTION | |
| control field | 20250208151426.0 |
| 008 - FIXED-LENGTH DATA ELEMENTS--GENERAL INFORMATION | |
| fixed length control field | 220915b |||||||| |||| 00| 0 san d |
| 037 ## - SOURCE OF ACQUISITION | |
| Terms of availability | Textbook |
| 040 ## - CATALOGING SOURCE | |
| Language of cataloging | san |
| Original cataloging agency | ARTS |
| Transcribing agency | ARTS |
| 041 ## - LANGUAGE CODE | |
| Language code of text/sound track or separate title | san |
| 084 ## - COLON CLASSIFICATION NUMBER | |
| Classification number | O15,2D36,1 152N3-;1 |
| 100 ## - MAIN ENTRY--PERSONAL NAME | |
| Personal name | शुद्रक |
| 245 #0 - TITLE STATEMENT | |
| Title | मृच्छकटिकम् |
| 246 ## - VARYING FORM OF TITLE | |
| Title proper/short title | Mṛuchchhakaṭikam |
| 260 ## - PUBLICATION, DISTRIBUTION, ETC. | |
| Place of publication, distribution, etc. | वाराणसी: |
| Date of publication, distribution, etc. | 1993. |
| 300 ## - PHYSICAL DESCRIPTION | |
| Extent | 658पृ0 |
| 650 ## - SUBJECT ADDED ENTRY--TOPICAL TERM | |
| Topical term or geographic name entry element | संस्कृत साहित्य |
| 700 ## - ADDED ENTRY--PERSONAL NAME | |
| Personal name | द्विवेदी, रामानन्द (व्याख्याकार) |
| 9 (RLIN) | 734977 |
| 700 ## - ADDED ENTRY--PERSONAL NAME | |
| Personal name | वाजपेयी, मदनगोपाल (संपादक) |
| 942 ## - ADDED ENTRY ELEMENTS (KOHA) | |
| Classification part | O15,2D36,1 152N3-;1 |
| Koha item type | Textbook |
| Source of classification or shelving scheme | Colon Classification (CC) |
| Suppress in OPAC | No |
| Withdrawn status | Lost status | Damaged status | Not for loan | Home library | Current library | Date acquired | Total Checkouts | Full call number | Barcode | Date last seen | Price effective from | Koha item type |
|---|---|---|---|---|---|---|---|---|---|---|---|---|
| Arts Library | Arts Library | 2022-09-16 | O15,2D36,1 152N3-;1 | AL1061140 | 2022-09-16 | 2022-09-16 | Textbook | |||||
| Arts Library | Arts Library | 2022-09-16 | O15,2D36,1 152N3-;1 | AL1061561 | 2022-09-16 | 2022-09-16 | Textbook |
